[Event "Dieren op"]
[Site "Dieren"]
[Date "2007.08.01"]
[Round "8"]
[White "Burg, Twan"]
[Black "Rietveld, Renze"]
[Result "1-0"]
[WhiteElo "2301"]
[BlackElo "2137"]
[PlyCount "61"]
[EventDate "2007.07.24"]
[EventType "swiss"]
[EventRounds "9"]
[EventCountry "NED"]
[SourceTitle "CBM 119 Extra"]
[Source "ChessBase"]
[SourceDate "2007.09.04"]
[SourceVersion "1"]
[SourceVersionDate "2007.09.04"]
[SourceQuality "1"]

1. e4 c5 2. Nf3 d6 3. d4 cxd4 4. Nxd4 Nf6 5. Nc3 a6 6. Bg5 e6 7. f4 Be7 8. Qf3 Qc7 9. 0-0-0 Nbd7 10. g4 h6 11. Bxf6 Bxf6 12. h4 Qb6 13. Nb3 Qc7 14. Ne2 Be7 15. g5 hxg5 16. hxg5 Rxh1 17. Qxh1 Nf8 18. Kb1 Bd7 19. Qh8 g6 20. Qg7 Rc8 21. c3 b5 22. Bg2 Qb6 23. Ned4 a5 24. f5 e5 25. f6 exd4 26. fxe7 Kxe7 27. Nxd4 Qc5 28. Rf1 Qc4 29. Rf3 Bc6 30. b3 Bxe4+ 31. Kb2 1-0

[Event "Utrecht OKU op"]
[Site "Utrecht"]
[Date "2007.06.09"]
[Round "3.1"]
[White "Pliester, Leon"]
[Black "Rietveld, Renze"]
[Result "1/2-1/2"]
[WhiteElo "2370"]
[BlackElo "2078"]
[PlyCount "54"]
[EventDate "2007.06.08"]
[EventType "swiss"]
[EventRounds "6"]
[EventCountry "NED"]
[SourceTitle "CBM 118 Extra"]
[Source "ChessBase"]
[SourceDate "2007.07.04"]
[SourceVersion "1"]
[SourceVersionDate "2007.07.04"]
[SourceQuality "1"]

1. e4 c5 2. Nf3 d6 3. d4 cxd4 4. Nxd4 Nf6 5. Nc3 a6 6. Be2 e6 7. 0-0 Nc6 8. Be3 Be7 9. f4 Qc7 10. Kh1 0-0 11. Qe1 Nxd4 12. Bxd4 b5 13. e5 dxe5 14. Bxe5 Qb6 15. Qg3 Bb7 16. Rad1 Rfd8 17. f5 Rxd1 18. Nxd1 Be4 19. Ne3 exf5 20. Nxf5 Bxf5 21. Rxf5 Qe6 22. Bd3 Rd8 23. h3 g6 24. Rf1 Nh5 25. Qe1 Bd6 26. Bxd6 Qxd6 27. Rf3 Qc5 1/2-1/2